Normale Ansicht MARC-Ansicht ISBD

Positive Signale für Kino-Umbau aus Potsdam (Titelsatznr. 374309)

[ MARC ]
MARC-Details
000 -Satzkennung
Kontrollfeld mit fester Länge 00742nab a2200193 4500
001 - Kontrollnummer
Kontrollfeld 244442
003 - Kontrollnummer Identifier
Kontrollfeld OSt
005 - Datum und Zeit der letzten Transaktion
Kontrollfeld 20260223093856.0
007 - Feld mit fester Länge zur physischen Beschreibung - Allgemeine Information
Kontrollfeld mit fester Länge tu
008 - Feld mit fester Länge zur physischen Beschreibung - Allgemeine Angaben
Kontrollfeld mit fester Länge 260223s2020|||||||
040 ## - Katalogisierungsquelle
Original-Katalogisierungsstelle DE-2950
Übertragungsstelle DE-2950
245 00 - Titel
Titel Positive Signale für Kino-Umbau aus Potsdam
Zusatz zum Titel Denkmal. 46 Millionen Euro soll der Umbau des Alten Kinos in der Frankfurter Innenstadt zum Standort für das Landeskunstmuseum inzwischen insgesamt kosten. Zuletzt fehlten 13 Millionen Euro. Nun ist offenbar eine Lösung in Sicht/
Verfasserangabe etc. Thomas Gutke
264 ## - Produktion, Veröffentlichung, Distribution, Herstellung und Urheberrechtsvermerk
Datum der Herstellung, der Veröffentlichung, des Vertriebs oder des Urheberschutzvermerks 2025
653 ## - Indexierungsterm - Nicht normiert
Nicht-normierter Term Frankfurt (Oder)
653 ## - Indexierungsterm - Nicht normiert
Nicht-normierter Term Umbau Altes Kino
653 ## - Indexierungsterm - Nicht normiert
Nicht-normierter Term Kosten
773 0# - Übergeordnete Einheit
Verknüpfungsangaben 37. Jahrgang (2026) Nr. 42 vom 19.02.2026 , S. 17 mit Foto
Titel Märkische Oderzeitung
942 ## - Zusätzliche Felder (Koha)
Klassifikation oder Aufstellungssystematik Andere/Generische Klassifikation
Koha-Medientyp Aufsätze
Exemplare
Ausgeschieden Verloren Klassifikation oder Aufstellungssystematik Beschädigt Nicht entleihbar Heimatbibliothek Aufenthaltsbibliothek Aufstellungsort Erwerbungsdatum Anzahl Ausleihen Signatur Letzte Aktivität Preis gültig von Koha-Medientyp
    Andere/Generische Klassifikation     Stadtarchiv Frankfurt (Oder) | Archivbibliothek Stadtarchiv Frankfurt (Oder) | Archivbibliothek Magazin 23/02/2026   Z2 23/02/2026 23/02/2026 Aufsätze